00971nam a22002657a 45000010005000000030006000050050017000110080041000280200018000690400029000870500011001160820010001271000027001372450064001642500028002282600038002563000043002944900022003375050008003595200238003675210020006055210020006256500025006457000035006704746FISKH20240927104639.0240927b cb ||||| |||| 00| 0 eng d a9781407142654 aFISKHbengcFISKHdFISKH aQ180.2 a612.3 aArnold, Nick eauthor  aDisgusting Digestion /cby Nick Arnold and Tony De Saulles  aFirst published in 1998 aLondon : bEuston House ;c1998 . a206 pages : billustrations ;c20 cm . a Horrible Science aU  aThis is one in an award-winning series of books that reveal revolting scientific facts. Among the facts revealed here are - how much pee one's bladder can hold without popping and why astronauts can't eat beans before a space flight.8 a860 bLexile 8 aU bRaz-Plus  aanatomyvnon-fiction aSaulles, Tony Deeillustrator